Statistics for The most corrupt tech companies in the world

Click here to take the quiz!

General Stats

  • This quiz has been taken 30 times
  • The average score is 6 of 15

Answer Stats

PositionCompanyHeadquarters% Correct
9.AppleCupertino, CA, USA
93%
11.GoogleMountain View, CA, USA
89%
12.MicrosoftRedmond, WA, USA
82%
10.SamsungSeoul, South Korea
71%
15.IBMArmonk, NY, USA
39%
14.Sony BMGNew York City, NY, USA
36%
4.OracleAustin, TX, USA
32%
6.IntelSanta Clara, CA, USA
29%
3.HPPalo Alto, CA, USA
18%
1.SiemensMunich, Germany
18%
5.Alcatel-LucentBoulogne-Billancourt, France
14%
7.YahooSunnyvale, CA, USA
14%
13.ToshibaTokyo, Japan
11%
2.AT&TDallas, TX, USA
7%
8.DXC TechnologyTysons, VA, USA
0%

Score Distribution

Percentile by Number Answered

Percent of People with Each Score

Your Score History

You have not taken this quiz